Eastern Utah Libraries Catalog: Duchesne, Heber, Roosevelt, & Vernal

Ellis Island : (Record no. 404295)

MARC details
000 -LEADER
fixed length control field 02954cam a2200601 i 4500
001 - CONTROL NUMBER
control field on1484705600
003 - CONTROL NUMBER IDENTIFIER
control field OCoLC
005 - DATE AND TIME OF LATEST TRANSACTION
control field 20250210142802.0
008 - FIXED-LENGTH DATA ELEMENTS--GENERAL INFORMATION
fixed length control field 250115t20252025nyua c 6 000 0 eng d
010 ## - LIBRARY OF CONGRESS CONTROL NUMBER
LC control number 2024935345
020 ## - INTERNATIONAL STANDARD BOOK NUMBER
International Standard Book Number 9781250768797
Qualifying information (hardback)
020 ## - INTERNATIONAL STANDARD BOOK NUMBER
International Standard Book Number 1250768799
Qualifying information (hardback)
020 ## - INTERNATIONAL STANDARD BOOK NUMBER
International Standard Book Number 9781250768780
Qualifying information (paperback)
020 ## - INTERNATIONAL STANDARD BOOK NUMBER
International Standard Book Number 1250768780
Qualifying information (paperback)
035 ## - SYSTEM CONTROL NUMBER
System control number (OCoLC)1484705600
040 ## - CATALOGING SOURCE
Original cataloging agency IG#
Language of cataloging eng
Description conventions rda
Transcribing agency IG#
Modifying agency BDX
-- JCX
-- IOU
-- OCLCO
043 ## - GEOGRAPHIC AREA CODE
Geographic area code n-us-ny
-- n-us-nj
082 04 - DEWEY DECIMAL CLASSIFICATION NUMBER
Classification number 900/73009
Edition number 23/eng/20250115
092 ## - LOCALLY ASSIGNED DEWEY CALL NUMBER (OCLC)
Classification number junior graphic nonfiction
Item number J GN 900 Feggo
100 1# - MAIN ENTRY--PERSONAL NAME
Personal name Galindo, Felipe,
Relator term author.
9 (RLIN) 6538520
245 10 - TITLE STATEMENT
Title Ellis Island :
Remainder of title immigration and the American Dream /
Statement of responsibility, etc written by Felipe Galindo Feggo ; art by Tait Howard.
246 33 - VARYING FORM OF TITLE
Title proper/short title Immigration & the American Dream
250 ## - EDITION STATEMENT
Edition statement First edition.
264 #1 - Production, Publication, Distribution, Manufacture, and Copyright Notice.
Place of production, publication, distribution, manufacture New York :
Name of producer, publisher, distributor, manufacturer First Second, an imprint of Roaring Book Press,
Date of production, publication, distribution, manufacture, or copyr 2025.
264 #4 - Production, Publication, Distribution, Manufacture, and Copyright Notice.
Date of production, publication, distribution, manufacture, or copyr ©2025
300 ## - PHYSICAL DESCRIPTION
Extent 111 pages :
Other physical details chiefly color illustrations ;
Dimensions 22 cm
336 ## - Content Type
Content type term text
336 ## - Content Type
Content type term still image
337 ## - Media type
Media type term unmediated
338 ## - Carrier type
Carrier type term volume
490 1# - SERIES STATEMENT
Series statement History comics
520 ## - SUMMARY, ETC.
Summary, etc "Many Americans know someone who can trace their ancestry throughEllis Island. In addition to being part of the world-famous Statue of Liberty National Monument, this modest-sized piece of land once housed the main immigration processing center for the U.S., documenting upwards of 12 million people between 1892 and 1954! Over the generations, Ellis Island has taken on an almost mythic status as a beacon of hope to those seeking freedom and refuge from persecution. Buthow did it all get started?:--Provided by publisher.
610 20 - SUBJECT ADDED ENTRY--CORPORATE NAME
Corporate name or jurisdiction name as entry element Ellis Island Immigration Station (N.Y. and N.J.)
Form subdivision Juvenile literature.
9 (RLIN) 6494819
610 21 - SUBJECT ADDED ENTRY--CORPORATE NAME
Corporate name or jurisdiction name as entry element Ellis Island Immigration Station (N.Y. and N.J.)
610 26 - SUBJECT ADDED ENTRY--CORPORATE NAME
Corporate name or jurisdiction name as entry element Ellis Island Immigration Station (N.Y. et N.J.)
Form subdivision Ouvrages pour la jeunesse.
9 (RLIN) 6538521
650 #1 - SUBJECT ADDED ENTRY--TOPICAL TERM
Topical term or geographic name as entry element Cartoons and comics.
651 #0 - SUBJECT ADDED ENTRY--GEOGRAPHIC NAME
Geographic name United States
General subdivision Emigration and immigration
Form subdivision Juvenile literature.
9 (RLIN) 5753238
651 #1 - SUBJECT ADDED ENTRY--GEOGRAPHIC NAME
Geographic name United States
General subdivision Emigration and immigration.
9 (RLIN) 93134
655 #7 - INDEX TERM--GENRE/FORM
Genre/form data or focus term Creative nonfiction.
Source of term lcgft
9 (RLIN) 5706759
655 #7 - INDEX TERM--GENRE/FORM
Genre/form data or focus term Graphic novels.
Source of term lcgft
655 #7 - INDEX TERM--GENRE/FORM
Genre/form data or focus term Historical comics.
Source of term lcgft
9 (RLIN) 5724239
655 #7 - INDEX TERM--GENRE/FORM
Genre/form data or focus term Nonfiction comics.
Source of term lcgft
9 (RLIN) 5724240
655 #7 - INDEX TERM--GENRE/FORM
Genre/form data or focus term Educational comics.
Source of term lcgft
9 (RLIN) 6363300
655 #7 - INDEX TERM--GENRE/FORM
Genre/form data or focus term Comics (Graphic works)
Source of term lcgft
9 (RLIN) 5689343
655 #7 - INDEX TERM--GENRE/FORM
Genre/form data or focus term Essais fictionnels.
Source of term rvmgf
9 (RLIN) 6463824
655 #7 - INDEX TERM--GENRE/FORM
Genre/form data or focus term Bandes dessinées historiques.
Source of term rvmgf
9 (RLIN) 6536938
655 #7 - INDEX TERM--GENRE/FORM
Genre/form data or focus term Bandes dessinées autres que de fiction.
Source of term rvmgf
9 (RLIN) 6448620
655 #7 - INDEX TERM--GENRE/FORM
Genre/form data or focus term Bandes dessinées éducatives.
Source of term rvmgf
9 (RLIN) 6448619
655 #7 - INDEX TERM--GENRE/FORM
Genre/form data or focus term Bandes dessinées.
Source of term rvmgf
9 (RLIN) 6447297
700 1# - ADDED ENTRY--PERSONAL NAME
Personal name Howard, Tait,
Relator term artist.
9 (RLIN) 6422727
830 #0 - SERIES ADDED ENTRY--UNIFORM TITLE
Uniform title History comics (First Second (Firm))
9 (RLIN) 6366214
942 ## - ADDED ENTRY ELEMENTS (KOHA)
Source of classification or shelving scheme Dewey Decimal Classification
Koha item type BOOK
Holdings
Withdrawn status Lost status Source of classification or shelving scheme Damaged status Not for loan Collection code Home library Current library Shelving location Date acquired Source of acquisition Total Checkouts Total Renewals Full call number Barcode Date last seen Date checked out Cost, replacement price Price effective from Koha item type
    Dewey Decimal Classification     Junior NonFiction Graphic Novels Wasatch County Library Wasatch County Library First Floor 02/10/2025 Micromarketing 6 1 J GN 900 Feggo 34301002145581 01/21/2026 01/15/2026 21.99 02/10/2025 BOOK
This project was made possible through a grant from the Institute of Museum and Library Service administered by the Utah State Library Division.

Wasatch County Library

  • 465 East 1200 South, Heber City, Utah 84032
  • Phone 435-654-1511 | Fax 435-654-6456

Hours

  • Monday - Friday 9:30 AM - 8:00 PM
  • Saturday 9:30 AM - 1:30 PM
  • Closed Sundays and Holidays